000
00294nam a22001337a 4500
008
181011b xxu||||| |||| 00| 0 eng d
020
_a
0070477493
041
_a
eng
080
_a
330
100
_a
52
101
_a
MBE
245
_a
Tamperin with the Machinery
_c
Simon, W.E
942
_2
udc
_c
BK
999
_c
49361
_d
49361